Endemic Animals- Sudden Death - Statistics

General Stats
  • This quiz has been taken 61 times
  • The average score is 3 of 15
Answers on the Grid
Answers color-coded by a green-red scale on the quiz's grid according to % correct below.
Australian Magpie
Australian Snubfin Dolphin
Bronze Quoll
Brush-Tailed Phascogale
Cassowary
Common Wombat
Crested Bellbird
Dibbler
Eastern Quoll
Fat-Tailed Dunnart
Gilbert's Potoroo
Golden Bandicoot
Julia Creek Dunnart
Leadbeater's Possum
Lesser Bilby
Little Red Flying Fox
Lumholtz's Tree-Kangaroo
Lyrebird
Madison Masquito
Musky Rat-Kangaroo
Ostrich
Pied Oystercatcher
Red Dust Dingo
Satin Bowerbird
Tuatara
 
Answer Stats
Answer % Correct
Common Wombat
48%
Australian Snubfin Dolphin
42%
Golden Bandicoot
23%
Brush-Tailed Phascogale
19%
Dibbler
19%
Lumholtz's Tree-Kangaroo
19%
Crested Bellbird
16%
Eastern Quoll
16%
Leadbeater's Possum
16%
Fat-Tailed Dunnart
13%
Gilbert's Potoroo
13%
Little Red Flying Fox
13%
Musky Rat-Kangaroo
13%
Julia Creek Dunnart
6%
Satin Bowerbird
6%
No matching quizzes found
Score Distribution
Percent of People with Each Score
Percentile by Number Answered
Your Score History
You have not taken this quiz